000 00518nam a22001937a 4500
003 MPLRDC
005 20220104185116.0
008 210129b ||||| |||| 00| 0 eng d
020 _a986-134-100-2
082 _a494.35 HOP
100 _aTODD HOPKINS、RAY HILBERT
245 _a这一生是无数的机缘
_c张国仪 译
250 _a初版
260 _a台湾
_b先觉出版股份有限公司
_c2008
300 _b
490 _a人文思潮. 079
650 _a职场成功法
942 _cBK
_o494.35 HOP
999 _c63178
_d63168